| 000 | 02553cam a22004934i 4500 | ||
|---|---|---|---|
| 003 | PE-LiUPU | ||
| 005 | 20250731165436.0 | ||
| 008 | 160511s2014 pe a grm 000 0 spa d | ||
| 035 | _a(Sirsi) a156663 | ||
| 040 |
_aPE-LiUPU _bspa _cPE-LiUPU _erda |
||
| 099 |
_aTE 4 _bT95 2014 |
||
| 100 | 1 |
_aTurpo Chaparro, Josué Edison _eautor |
|
| 245 | 1 |
_aCultura organizacional, imagen institucional y calidad de los servicios educativos según la percepción de los alumnos, pares, docentes y público externo de la Universidad Peruana Unón / _cJosué Edison Turpo Chaparro. |
|
| 264 | 0 | _c2014. | |
| 300 |
_a278 hojas : _bilustraciones; _c30 cm |
||
| 336 |
_atext _2rdacontent |
||
| 337 |
_aunmediated _2rdamedia |
||
| 338 |
_avolume _2rdacarrier |
||
| 502 |
_aTesis _b(Dr.) -- _cUniversidad Peruana Unión, _d2014. |
||
| 504 | _aIncluye referencias | ||
| 520 | 3 | _aEs un estudio acerca de la percepción de los alumnos o estudiantes, padres de familia, docentes y público externo sobre la cultura organizacional, imagen institucional y calidad de los servicios educativos de la Universidad Peruana Unión. Se obtuvo una muestra de 578 personas. Se aplicaron tres cuestionarios.: sobre cultura organizacional, calidad de los servicios educativos e imagen institucional. Los resultados de estas pruebas en los cuatro públicos fueron analizados a través del paquete de análisis estadístico SPSS (15.0), mediante el análisis de regresión lineal y prueba Anova. Según el estudio existe una valoración positiva a la imagen institucional en referencia a la cultura organizacional y calidad de los servicios educativos de acuerdo con la percepción de los estudiantes, padres, docentes y público externo de la UPeU Filial Tarapoto, año 2013. | |
| 526 | _aSEG44 | ||
| 526 | _aSEG26 | ||
| 526 | _aP151 | ||
| 526 | _aP150 | ||
| 526 | _aP149 | ||
| 526 | _aP146 | ||
| 526 | _aP145 | ||
| 526 | _aP126 | ||
| 526 | _aP125 | ||
| 526 | _aP92 | ||
| 526 | _aP75 | ||
| 526 | _aP74 | ||
| 526 | _aP27 | ||
| 526 | _aP15 | ||
| 610 | 0 | 4 |
_aUniversidad Peruana Unión _xCultura corporativa |
| 610 | 2 |
_aUniversidad Peruana Unión _xImagen corporativa |
|
| 610 | 0 | 4 |
_aUniversidad Peruana Unión _xCalidad de la educación |
| 650 | 0 | 4 |
_aCultura corporativa _xImagen corporativa |
| 650 | 0 | 4 |
_aCalidad de la educación _xImagen corporativa |
| 596 | _a1 | ||
| 942 |
_2ddc _cTESIS |
||
| 999 |
_aTE 4 T95 2014 _wALPHANUM _c9314 _iT01499 _lCCODEBUL3 _mBUL _r1 _sY _tTESIS _u2016-5-11 _xPOSGRADO _PP89 _o.STAFF. Tesis _d9314 |
||
| 980 |
_81 _gALBERTO SANCHEZ Responsable de Automatización |
||